000 00816nas a2200265 4500
001 BR0603362
003 BR-BrBNA
005 20231205110321.0
007 ta
008 230509b bl.|||p| |||| 00| 00por d
040 _aBR-BrBNA
_bpor
_cBiblioteca Nacional de Agricultura
041 _a(En)
072 _aP34
100 1 _aLambais, M.R.
245 1 _aUnraveling the signaling and signal transductionn mechanisms controlling arbuscular mycorrhiza development
650 _aMICORRIZA VESICULAR ARBUSCULAR
650 _aNUTRIENTE
650 _aSIMBIOSE
650 _aNITROGÊNIO
650 _aCÁLCIO
650 _aAGRICULTURA
773 0 _tScientia Agrícola (Brazil)
_xISSN 0103-9016
_g(Jul-Aug 2006), v. 63(4) p. 405-413
_wBR0603362
909 _a202311
_bLúcia
_c55
_dLúcia Elande
942 _2AGRIS
_n0
_cANA
999 _c186940
_d186940